Slovenský priemysel sa nemôže spoliehať na lacné suroviny a pracovnú silu, potrebuje investície
Podiel slovenského priemyslu na vývoji HDP. Vývoj pridanej hodnoty v priemysle v rokoch 1996-1997. Odvetvová a komoditná štruktúra vývozu priemyselných výrobkov SR. Potreba zmeny štruktúry priemyslu, prílevu priamych zahraničných investícií. Pozitívny vplyv priamych zahraničných investícií na vývoj...
Salvato in:
| Autore principale: | |
|---|---|
| Natura: | Libro |
| Lingua: | slovacco |
| Soggetti: | |
| Tags: |
Nessun Tag, puoi essere il primo ad aggiungerne!!
|
MARC
| LEADER | 00000nam a2200000 4500 | ||
|---|---|---|---|
| 001 | r031104 | ||
| 005 | 20230921083257.9 | ||
| 041 | 0 | |a slo | |
| 044 | |a SK | ||
| 245 | 1 | 0 | |a Slovenský priemysel sa nemôže spoliehať na lacné suroviny a pracovnú silu, potrebuje investície |c Stanislav Neumann |
| 520 | |a Podiel slovenského priemyslu na vývoji HDP. Vývoj pridanej hodnoty v priemysle v rokoch 1996-1997. Odvetvová a komoditná štruktúra vývozu priemyselných výrobkov SR. Potreba zmeny štruktúry priemyslu, prílevu priamych zahraničných investícií. Pozitívny vplyv priamych zahraničných investícií na vývoj priemyslu. Podpora výskumu a vývoja v priemysle. | ||
| 610 | 2 | 0 | |a priemysel |
| 610 | 2 | 0 | |a produkt domáci hrubý |
| 610 | 2 | 0 | |a vývoz |
| 610 | 2 | 0 | |a zmeny štruktúrne |
| 610 | 2 | 0 | |a investície zahraničné |
| 610 | 2 | 0 | |a investície priame zahraničné |
| 610 | 2 | 0 | |a výskum |
| 610 | 2 | 0 | |a vývoj |
| 610 | 2 | 0 | |a Slovensko |
| 610 | 2 | 0 | |a 1996 |
| 610 | 2 | 0 | |a 1997 |
| 100 | 1 | |a Neumann, Stanislav | |